header

Reading and learning to read / (Record no. 265789)

MARC details
000 -LEADER
fixed length control field 01231cam a2200361 a 4500
001 - CONTROL NUMBER
control field 4049829
003 - CONTROL NUMBER IDENTIFIER
control field OSt
005 - DATE AND TIME OF LATEST TRANSACTION
control field 20260129084103.0
008 - FIXED-LENGTH DATA ELEMENTS--GENERAL INFORMATION
fixed length control field 990624s2000 nyua b 001 0 eng
010 ## - LIBRARY OF CONGRESS CONTROL NUMBER
LC control number 99037760
020 ## - INTERNATIONAL STANDARD BOOK NUMBER
International Standard Book Number 032102060X
035 ## - SYSTEM CONTROL NUMBER
System control number 4049829
040 ## - CATALOGING SOURCE
Original cataloging agency DLC
Transcribing agency DLC
Modifying agency DLC
050 00 - LIBRARY OF CONGRESS CALL NUMBER
Classification number LB1573
Item number .V32 2000
082 00 - DEWEY DECIMAL CLASSIFICATION NUMBER
Classification number 372.4
Edition number 21
100 1# - MAIN ENTRY--PERSONAL NAME
Personal name Vacca, Jo Anne L.
245 10 - TITLE STATEMENT
Title Reading and learning to read /
Statement of responsibility, etc Jo Anne L. Vacca, Richard T. Vacca, Mary K. Gove.
250 ## - EDITION STATEMENT
Edition statement 4th ed.
260 ## - PUBLICATION, DISTRIBUTION, ETC. (IMPRINT)
Place of publication, distribution, etc New York :
Name of publisher, distributor, etc Longman,
Date of publication, distribution, etc c2000.
300 ## - PHYSICAL DESCRIPTION
Extent xviii, 642, [44] p. :
Other physical details ill. ;
Dimensions 24 cm.
336 ## - CONTENT TYPE
Content type term text
Content type code txt
Source rdacontent
337 ## - MEDIA TYPE
Media type term unmediated
Media type code n
Source rdamedia
338 ## - CARRIER TYPE
Carrier type term volume
Carrier type code nc
Source rdacarrier
504 ## - BIBLIOGRAPHY, ETC. NOTE
Bibliography, etc Includes bibliographical references and indexes.
650 #0 - SUBJECT ADDED ENTRY--TOPICAL TERM
Topical term or geographic name as entry element Reading (Elementary)
Topical term or geographic name as entry element Language arts (Elementary)
700 1# - ADDED ENTRY--PERSONAL NAME
Personal name Vacca, Richard T.
Personal name Gove, Mary K.
906 ## - LOCAL DATA ELEMENT F, LDF (RLIN)
a 7
b cbc
c orignew
d 1
e ocip
f 19
g y-gencatlg
942 ## - ADDED ENTRY ELEMENTS (KOHA)
Source of classification or shelving scheme Library of Congress Classification
Koha item type Long Loan Books
Holdings
Withdrawn status Lost status Source of classification or shelving scheme Damaged status Not for loan Collection code Home library Current library Shelving location Date acquired Source of acquisition Total Checkouts Full call number Barcode Date last seen Price effective from Koha item type
    Library of Congress Classification     Non-fiction Rongo University Library Rongo University Library General Stacks 29/01/2026 Books for Africa, Donation   LB1573 .V32 2000 20261160 29/01/2026 29/01/2026 Long Loan Books

© 2026 Rongo University
Contact us: librarian | system librarian | Rongo university